000 nam a22 7a 4500
999 _c7754
_d7754
008 171006b xxu||||| |||| 00| 0 eng d
100 _94232
_aKapoor.etal
245 _aIndian History
260 _aNew Delhi
_bJPH
_c2009